[Event "2. Solinger Karnevalsopen"]
[Site "Solingen"]
[Date "2011.03.04"]
[Round "1.32"]
[White "Maczkowiak, Thomas"]
[Black "Wolf, Wieland"]
[Result "1/2-1/2"]
[WhiteElo "1932"]
[BlackElo "1400"]
[PlyCount "60"]
[EventDate "2011.??.??"]

1. Nf3 d5 2. c4 e6 3. g3 g6 4. Bg2 Bg7 5. O-O Ne7 6. d4 O-O 7. Nc3 dxc4 8. Qa4
Nbc6 9. Qxc4 Nxd4 10. Rd1 e5 11. e3 Be6 12. Qd3 Nxf3+ 13. Bxf3 Qxd3 14. Rxd3 c6
15. e4 Rad8 16. Rxd8 Rxd8 17. Bg5 f6 18. Be3 a6 19. Na4 f5 20. Nc5 Bc8 21. Bg5
Kf7 22. Rd1 Rxd1+ 23. Bxd1 h6 24. Bb3+ Ke8 25. Bxe7 Kxe7 26. f3 Kd6 27. Nd3 b5
28. Bf7 fxe4 29. fxe4 g5 30. b4 Ke7 1/2-1/2

[Event "2. Solinger Karnevalsopen"]
[Site "Solingen"]
[Date "2011.03.04"]
[Round "1.33"]
[White "Rieger, Isabelle"]
[Black "Schloeffel, Christian"]
[Result "0-1"]
[WhiteElo "1372"]
[BlackElo "1914"]
[PlyCount "28"]
[EventDate "2011.??.??"]

1. d4 Nf6 2. c4 e6 3. Nf3 b6 4. g3 Bb7 5. Bg2 c5 6. d5 exd5 7. Nh4 d6 8. O-O g6
9. cxd5 Bg7 10. e4 O-O 11. Re1 Nbd7 12. f4 Re8 13. Qc2 Nxd5 14. Rd1 Nb4 0-1

[Event "2. Solinger Karnevalsopen"]
[Site "Solingen"]
[Date "2011.03.04"]
[Round "1.34"]
[White "Hobusch, Jan"]
[Black "Reksten, Anne"]
[Result "1-0"]
[WhiteElo "1892"]
[BlackElo "1358"]
[PlyCount "77"]
[EventDate "2011.??.??"]

1. d4 d5 2. Bf4 Nf6 3. e3 e6 4. Nf3 c5 5. c3 Nc6 6. Nbd2 Be7 7. Bd3 O-O 8. Ne5
Nxe5 9. dxe5 Nd7 10. h4 Re8 11. Qh5 Nf8 12. Qg4 Kh8 13. Nf3 Bd7 14. Ng5 Bxg5
15. Bxg5 Qc7 16. Bf4 b5 17. h5 h6 18. Rh3 Nh7 19. Qe2 Rab8 20. f3 c4 21. Bc2
Qc5 22. Qd2 b4 23. Rh1 a5 24. Qd4 Qxd4 25. cxd4 Rec8 26. Kf2 c3 27. Rhb1 Kg8
28. bxc3 bxc3 29. Rxb8 Rxb8 30. Rb1 Rxb1 31. Bxb1 Ba4 32. Bd3 f6 33. Ke2 fxe5
34. Bxe5 Nf6 35. g4 Nd7 36. Bc7 c2 37. Kd2 Kf7 38. Bxc2 Bxc2 39. Kxc2 1-0

[Event "2. Solinger Karnevalsopen"]
[Site "Solingen"]
[Date "2011.03.04"]
[Round "1.35"]
[White "Herzum, Peter"]
[Black "Reinhardt, Klaus"]
[Result "1-0"]
[WhiteElo "1327"]
[BlackElo "1861"]
[PlyCount "51"]
[EventDate "2011.??.??"]

1. e4 c5 2. Nf3 d6 3. d4 cxd4 4. Nxd4 Nf6 5. Nc3 g6 6. f3 Bg7 7. Be3 Nc6 8. Qd2
Bd7 9. O-O-O O-O 10. h4 Rc8 11. g4 h5 12. gxh5 Nxh5 13. Nxc6 Bxc6 14. Bh6 Qa5
15. Bxg7 Kxg7 16. Bh3 Rc7 17. Rdg1 Rh8 18. Qd4+ Kg8 19. Bf5 Qc5 20. Qd2 Ng7 21.
Bxg6 fxg6 22. Rxg6 Be8 23. Rg5 e5 24. Nd5 Rf7 25. Qg2 Qc8 26. Rg1 1-0

[Event "2. Solinger Karnevalsopen"]
[Site "Solingen"]
[Date "2011.03.04"]
[Round "1.36"]
[White "Westermann, Walter"]
[Black "Eick, Holger"]
[Result "1-0"]
[WhiteElo "1861"]
[BlackElo "1058"]
[PlyCount "79"]
[EventDate "2011.??.??"]

1. e4 e5 2. Nf3 Nc6 3. Bb5 d6 4. d4 exd4 5. Nxd4 Nge7 6. Bg5 Bd7 7. Nxc6 Bxc6
8. Bxc6+ bxc6 9. c4 Qd7 10. Nc3 Rb8 11. Qe2 Ng6 12. Rd1 Qc8 13. O-O f6 14. Be3
a6 15. f4 Be7 16. f5 Ne5 17. Qh5+ Kd7 18. b3 Qe8 19. Qh3 Kc8 20. Ne2 c5 21. Nf4
Kb7 22. Bd2 Qd7 23. Qc3 Kc8 24. Qa5 Qc6 25. Nd5 Kd7 26. Be3 Bd8 27. Rb1 Qa8 28.
Qa4+ Qc6 29. Qa5 Qa8 30. Qc3 g6 31. Rfd1 Ke8 32. Bf4 c6 33. Ne3 g5 34. Bxe5
dxe5 35. Qd3 Be7 36. Qd7+ Kf7 37. Qe6+ Ke8 38. Rd7 Rb7 39. Rbd1 Rxd7 40. Rxd7
1-0

[Event "2. Solinger Karnevalsopen"]
[Site "Solingen"]
[Date "2011.03.04"]
[Round "1.37"]
[White "Nguyen, Philipp"]
[Black "Lasschuit, Rene"]
[Result "0-1"]
[WhiteElo "947"]
[BlackElo "1858"]
[PlyCount "140"]
[EventDate "2011.??.??"]

1. d4 e6 2. c4 f5 3. Nc3 Nf6 4. Nf3 Bb4 5. Bd2 O-O 6. a3 Bxc3 7. Bxc3 Ne4 8.
Bb4 d6 9. Nd2 c5 10. Nxe4 cxb4 11. Nd2 bxa3 12. bxa3 e5 13. dxe5 dxe5 14. Nf3
Qa5+ 15. Qd2 Qxd2+ 16. Nxd2 b6 17. e3 Nd7 18. Be2 Nc5 19. O-O e4 20. f3 Bb7 21.
Rab1 Rad8 22. Nb3 Nxb3 23. Rxb3 Rd2 24. Rf2 Rc8 25. Rc3 Rc5 26. Rb3 Rc2 27. Rb5
exf3 28. Bxf3 Rc1+ 29. Rf1 Rxf1+ 30. Kxf1 Bxf3 31. gxf3 Rxc4 32. Rxf5 Rc3 33.
Ke2 Rxa3 34. e4 Ra2+ 35. Ke3 Rxh2 36. e5 Rc2 37. Kd3 Rc8 38. e6 Re8 39. Re5 h5
40. f4 h4 41. f5 Kf8 42. Re4 h3 43. Rh4 Ke7 44. Rxh3 Kf6 45. Rf3 Re7 46. Kd4 g6
47. fxg6+ Kxe6 48. Rg3 Rg7 49. Kc4 Kf6 50. Kb5 Rxg6 51. Rf3+ Ke6 52. Re3+ Kd6
53. Rd3+ Kc7 54. Ka6 Rg5 55. Rc3+ Rc5 56. Ra3 Kb8 57. Ra4 Rc1 58. Kb5 Kb7 59.
Ra2 Rc5+ 60. Kb4 a5+ 61. Kb3 Ka6 62. Ka4 b5+ 63. Kb3 a4+ 64. Kb4 Rc4+ 65. Ka3
Ka5 66. Kb2 b4 67. Kb1 a3 68. Rd2 Ka4 69. Ka2 b3+ 70. Kb1 a2+ 0-1

[Event "2. Solinger Karnevalsopen"]
[Site "Solingen"]
[Date "2011.03.05"]
[Round "2.1"]
[White "Meijers, Viesturs"]
[Black "Rohovoj, Dimitrij"]
[Result "1-0"]
[WhiteElo "2493"]
[BlackElo "2041"]
[PlyCount "109"]
[EventDate "2011.??.??"]

1. d4 Nf6 2. Bg5 e6 3. e4 Be7 4. e5 Nd5 5. Bd2 c5 6. c4 Nb6 7. dxc5 Bxc5 8. Nf3
Nc6 9. a3 d5 10. exd6 Bxd6 11. Nc3 Ne5 12. Nb5 O-O 13. Bc3 Nxf3+ 14. Qxf3 Bb8
15. Rd1 Qg5 16. h4 Qf4 17. Qxf4 Bxf4 18. g3 Bb8 19. Bb4 Re8 20. b3 a6 21. Nd6
Bxd6 22. Rxd6 Nd7 23. Bg2 a5 24. Bc3 Nc5 25. b4 axb4 26. axb4 Nd7 27. Ke2 Ra2+
28. Bd2 Nf6 29. Rc1 e5 30. Ke1 e4 31. Be3 Ng4 32. Rd2 Rxd2 33. Kxd2 Rd8+ 34.
Ke2 Nxe3 35. Kxe3 f5 36. Bf1 Be6 37. Ra1 Kf7 38. Ra7 Rd7 39. c5 Kf6 40. Bb5 Re7
41. Kd4 Bb3 42. c6 bxc6 43. Rxe7 Kxe7 44. Bxc6 Kd6 45. Ba8 Ba4 46. Bd5 h6 47.
g4 fxg4 48. Bxe4 g5 49. h5 Bb5 50. Bd3 Be8 51. Bg6 Bb5 52. Ke4 Ke6 53. Bf5+ Kd6
54. Bxg4 Be8 55. Be2 1-0

[Event "2. Solinger Karnevalsopen"]
[Site "Solingen"]
[Date "2011.03.05"]
[Round "2.2"]
[White "Stahnecker, Ludwig"]
[Black "Mladenov, Svetlin"]
[Result "0-1"]
[WhiteElo "2024"]
[BlackElo "2440"]
[PlyCount "60"]
[EventDate "2011.??.??"]

1. e4 d6 2. d4 Nf6 3. Nc3 e5 4. Nf3 Nbd7 5. h3 Be7 6. Be3 c6 7. a4 O-O 8. Be2
b6 9. O-O a6 10. Qd2 Bb7 11. d5 cxd5 12. exd5 Rc8 13. b4 Re8 14. Nh2 e4 15. f3
Rxc3 16. Qxc3 Nxd5 17. Qd2 Nxe3 18. Qxe3 Bf6 19. fxe4 Bxa1 20. Rxa1 Rxe4 21.
Qd2 Re6 22. Bg4 Rg6 23. Re1 Bxg2 24. Qxg2 h5 25. Qd5 hxg4 26. hxg4 Nf6 27. Qf5
Nxg4 28. Nxg4 Qg5 29. Qc8+ Kh7 30. Kf2 Qh4+ 0-1

[Event "2. Solinger Karnevalsopen"]
[Site "Solingen"]
[Date "2011.03.05"]
[Round "2.3"]
[White "Helbig, Mark"]
[Black "Jakob, Matthias"]
[Result "1-0"]
[WhiteElo "2346"]
[BlackElo "2003"]
[PlyCount "65"]
[EventDate "2011.??.??"]

1. d4 e6 2. c4 b6 3. a3 Bb7 4. Nc3 Nf6 5. Nf3 d5 6. Bg5 Be7 7. e3 O-O 8. Qc2
Nbd7 9. Rd1 Rc8 10. Bd3 dxc4 11. Bxc4 c5 12. d5 exd5 13. Nxd5 Nxd5 14. Bxd5 Ba6
15. Qf5 g6 16. Qxd7 Qxd7 17. Bxf7+ Rxf7 18. Rxd7 Bf8 19. Rxf7 Kxf7 20. Kd2 Bg7
21. Kc2 h6 22. Bf4 g5 23. Bg3 Rd8 24. h4 Kg6 25. hxg5 hxg5 26. Be5 Bh6 27. Bc3
Bf8 28. Ne5+ Kf5 29. g4+ Ke6 30. f4 gxf4 31. exf4 Bb7 32. f5+ Kf6 33. Nf3+ 1-0

[Event "2. Solinger Karnevalsopen"]
[Site "Solingen"]
[Date "2011.03.05"]
[Round "2.4"]
[White "Metzing, Joachim"]
[Black "Nagel, Bernhard"]
[Result "0-1"]
[WhiteElo "2005"]
[BlackElo "2264"]
[PlyCount "42"]
[EventDate "2011.??.??"]

1. c4 e5 2. Nc3 Nf6 3. g3 Bb4 4. Bg2 Nc6 5. e3 Bxc3 6. dxc3 d6 7. e4 O-O 8. Bg5
h6 9. Bxf6 Qxf6 10. Nf3 g5 11. Qd2 Qg6 12. O-O-O f5 13. h4 fxe4 14. hxg5 exf3
15. Rxh6 Qe4 16. Bf1 Bf5 17. Bd3 Qxd3 18. Qxd3 Bxd3 19. Rxd3 Kg7 20. Rd1 Rh8
21. Rh4 Ne7 0-1

[Event "2. Solinger Karnevalsopen"]
[Site "Solingen"]
[Date "2011.03.05"]
[Round "2.5"]
[White "Peters, Alex"]
[Black "Fichtner, Ewald"]
[Result "1/2-1/2"]
[WhiteElo "2211"]
[BlackElo "1970"]
[PlyCount "89"]
[EventDate "2011.??.??"]

1. e3 d5 2. b3 Nf6 3. Bb2 Bf5 4. f4 e6 5. Nf3 Bd6 6. Ne5 Nbd7 7. Be2 h6 8. O-O
Qe7 9. a4 Rg8 10. Ba3 g5 11. Bxd6 cxd6 12. Nxd7 Nxd7 13. Nc3 Rc8 14. Bg4 Bxg4
15. Qxg4 Nf6 16. Qe2 a6 17. f5 e5 18. Qd3 e4 19. Qd4 Qe5 20. Qb6 Qe7 21. b4 Rc4
22. b5 Qc7 23. Qxc7 Rxc7 24. bxa6 bxa6 25. Rfb1 Kd7 26. Rb6 Rc6 27. Rab1 Rgc8
28. Kf2 Rxb6 29. Rxb6 Rc6 30. Rb7+ Rc7 31. Rb2 Rc5 32. h3 h5 33. Kg3 h4+ 34.
Kf2 Kc7 35. Ne2 Rc4 36. Nc3 Rc5 37. Ra2 Nd7 38. g3 hxg3+ 39. Kxg3 Ne5 40. Kf2
Nf3 41. Ke2 Ng1+ 42. Kf2 Nf3 43. Ke2 Ng1+ 44. Kf2 Nf3 45. Ke2 1/2-1/2

[Event "2. Solinger Karnevalsopen"]
[Site "Solingen"]
[Date "2011.03.05"]
[Round "2.6"]
[White "Beil, Detlef"]
[Black "Harff, Marcel"]
[Result "0-1"]
[WhiteElo "1996"]
[BlackElo "2203"]
[PlyCount "48"]
[EventDate "2011.??.??"]

1. e4 e6 2. d4 d5 3. exd5 exd5 4. Bd3 Nc6 5. Ne2 Bg4 6. c3 Bd6 7. Qc2 Qf6 8. h3
Bh5 9. Be3 Nge7 10. Nd2 Bg6 11. Bxg6 fxg6 12. Nf3 h6 13. a3 O-O 14. O-O-O b5
15. Nh2 a5 16. Ng4 Qe6 17. f4 h5 18. Ne5 b4 19. Qa4 bxa3 20. bxa3 Rab8 21. Rd2
Qf5 22. Qc2 Bxa3+ 23. Kd1 Rb1+ 24. Nc1 Rxc1+ 0-1

[Event "2. Solinger Karnevalsopen"]
[Site "Solingen"]
[Date "2011.03.05"]
[Round "2.7"]
[White "Winkler, Fabian"]
[Black "Goerke, Joachim"]
[Result "1/2-1/2"]
[WhiteElo "1989"]
[BlackElo "2154"]
[PlyCount "34"]
[EventDate "2011.??.??"]

1. d4 d5 2. Nf3 e6 3. c4 c6 4. Nc3 f5 5. Bg5 Nf6 6. e3 Bd6 7. Ne5 O-O 8. Be2
Qc7 9. f4 Bxe5 10. fxe5 Ne4 11. Nxe4 fxe4 12. Rf1 Qa5+ 13. Qd2 Rxf1+ 14. Bxf1
Qxd2+ 15. Kxd2 Nd7 16. Be7 Nf8 17. g3 Ng6 1/2-1/2

[Event "2. Solinger Karnevalsopen"]
[Site "Solingen"]
[Date "2011.03.05"]
[Round "2.8"]
[White "Kuznetsov, Mark"]
[Black "Hobusch, Jan"]
[Result "1-0"]
[WhiteElo "2147"]
[BlackElo "1892"]
[PlyCount "53"]
[EventDate "2011.??.??"]

1. d4 d5 2. c4 c6 3. Nf3 Nf6 4. Nc3 e6 5. Bg5 dxc4 6. e3 b5 7. Ne5 Bb7 8. Qf3
Bb4 9. Be2 Qd5 10. Qf4 Qe4 11. Qg3 Bxc3+ 12. bxc3 Qc2 13. O-O Qxe2 14. Bxf6
gxf6 15. Nxf7 Kxf7 16. Qc7+ Ke8 17. Qxb7 Rg8 18. Rfe1 Qg4 19. g3 h5 20. Qxa8
Kd7 21. Qxa7+ Kc8 22. e4 h4 23. Re3 Rh8 24. Rae1 Qh3 25. Qg7 hxg3 26. Qxg3 Qh7
27. Qg2 1-0

[Event "2. Solinger Karnevalsopen"]
[Site "Solingen"]
[Date "2011.03.05"]
[Round "2.9"]
[White "Naundorf, Maik"]
[Black "Westermann, Walter"]
[Result "1-0"]
[WhiteElo "2131"]
[BlackElo "1861"]
[PlyCount "85"]
[EventDate "2011.??.??"]

1. c4 Nf6 2. g3 g6 3. Bg2 Bg7 4. Nc3 O-O 5. e4 d6 6. Nge2 e5 7. O-O c6 8. d3
Nbd7 9. h3 Nc5 10. b4 Ne6 11. Rb1 Bd7 12. Be3 Qc7 13. Qd2 a6 14. f4 Nh5 15. f5
Nd4 16. g4 Nxe2+ 17. Nxe2 Nf6 18. g5 Ne8 19. f6 Bh8 20. a4 b5 21. cxb5 cxb5 22.
a5 Be6 23. Rbc1 Qd7 24. Kh2 Rd8 25. Bb6 Rb8 26. h4 Rb7 27. Qc3 h5 28. Rc2 Kh7
29. Qc6 Kg8 30. Qxd7 Rxd7 31. Bh3 d5 32. Bc5 dxe4 33. dxe4 Bxh3 34. Kxh3 Rd3+
35. Kg2 Nd6 36. Nc1 Rd4 37. Bxd4 exd4 38. Kf3 Re8 39. Re2 Nc4 40. Nd3 Ne3 41.
Rxe3 dxe3 42. Kxe3 Re6 43. e5 1-0

[Event "2. Solinger Karnevalsopen"]
[Site "Solingen"]
[Date "2011.03.05"]
[Round "2.10"]
[White "Kuehn, Matthias"]
[Black "Richter, Gerald"]
[Result "1/2-1/2"]
[WhiteElo "1949"]
[BlackElo "2131"]
[PlyCount "89"]
[EventDate "2011.??.??"]

1. e4 c5 2. Nc3 Nc6 3. f4 e6 4. Nf3 a6 5. d3 d6 6. g4 h5 7. g5 Nge7 8. Nh4 g6
9. Bh3 Bg7 10. O-O Nd4 11. Ne2 f5 12. Ng3 O-O 13. c3 Ndc6 14. Rf2 b5 15. Bd2
Rb8 16. Qe2 Qe8 17. Re1 Qf7 18. Bg2 Bd7 19. Qe3 Rbc8 20. Bf3 c4 21. d4 d5 22.
exf5 Nxf5 23. Nhxf5 exf5 24. Rfe2 Rce8 25. Qf2 Nd8 26. Rxe8 Rxe8 27. Rxe8+ Bxe8
28. Qe3 Bc6 29. Ne2 Qe6 30. Kg2 Qxe3 31. Bxe3 Bf8 32. Ng1 Bd6 33. Bd1 Ne6 34.
Kg3 Nxg5 35. Nf3 Nxf3 36. Bxf3 Kf7 37. Bd2 Ke6 38. Bd1 Be8 39. h3 Be7 40. Be1
a5 41. a3 Bc6 42. Kf3 Kd7 43. Ke3 Kc7 44. Bc2 Kb6 45. Ke2 1/2-1/2

[Event "2. Solinger Karnevalsopen"]
[Site "Solingen"]
[Date "2011.03.05"]
[Round "2.11"]
[White "Flesch, Stefan"]
[Black "Dreier, Stefan"]
[Result "1/2-1/2"]
[WhiteElo "2103"]
[BlackElo "1898"]
[PlyCount "52"]
[EventDate "2011.??.??"]

1. d4 d5 2. Nf3 Nf6 3. e3 e6 4. Bd3 Bd6 5. O-O O-O 6. Nbd2 c5 7. c3 Nc6 8. dxc5
Bxc5 9. e4 Qc7 10. exd5 exd5 11. Nb3 Bb6 12. Nbd4 Bg4 13. Be3 a6 14. Be2 Rfe8
15. Re1 Rad8 16. Nxc6 bxc6 17. Bxb6 Qxb6 18. Qb3 Rb8 19. Qxb6 Rxb6 20. b3 a5
21. Bd3 Bxf3 22. gxf3 Rb7 23. Rxe8+ Nxe8 24. Re1 Kf8 25. c4 Re7 26. Kf1 Rxe1+
1/2-1/2

[Event "2. Solinger Karnevalsopen"]
[Site "Solingen"]
[Date "2011.03.05"]
[Round "2.12"]
[White "Schloeffel, Christian"]
[Black "Philippe, Denis-Emmanuel"]
[Result "0-1"]
[WhiteElo "1914"]
[BlackElo "2099"]
[PlyCount "120"]
[EventDate "2011.??.??"]

1. e4 c6 2. d4 d5 3. e5 Bf5 4. g4 Bd7 5. Bd3 c5 6. c3 Nc6 7. Bb5 Nxe5 8. Bxd7+
Nxd7 9. Qb3 e6 10. Qxb7 Qc8 11. Qxc8+ Rxc8 12. Nf3 Bd6 13. Be3 Ne7 14. Nbd2 O-O
15. h4 f5 16. dxc5 Nxc5 17. Bxc5 Bxc5 18. g5 Nc6 19. Nb3 Bb6 20. Rd1 Rb8 21.
O-O a5 22. Rfe1 Rfe8 23. Re2 Kf7 24. Nbd4 Nxd4 25. Nxd4 Bxd4 26. Rxd4 Rb5 27.
f4 Reb8 28. b3 Rc8 29. Rd3 Rb7 30. h5 Rc6 31. Kf2 Rbc7 32. Ree3 Ra7 33. a3 Rb7
34. b4 Rc4 35. Kf3 a4 36. Kg3 Rbc7 37. Rf3 Re4 38. Kf2 Rcc4 39. Kg3 Ke7 40. Rd2
Re1 41. Rb2 Kd6 42. b5 Kc7 43. Kf2 Ree4 44. b6+ Kb7 45. Re3 Rxf4+ 46. Ke2 Rfe4
47. Rb5 Rxc3 48. Rxe4 fxe4 49. Ra5 Kxb6 50. Rxa4 Rg3 51. Ra8 Rxg5 52. Re8 e5
53. h6 gxh6 54. Re6+ Kc5 55. Rxh6 Rg2+ 56. Ke1 Ra2 57. Rxh7 Rxa3 58. Kd2 Kd4
59. Rb7 e3+ 60. Ke2 Ra2+ 0-1

[Event "2. Solinger Karnevalsopen"]
[Site "Solingen"]
[Date "2011.03.05"]
[Round "2.13"]
[White "Ommer, Walter"]
[Black "Herzum, Peter"]
[Result "1-0"]
[WhiteElo "2071"]
[BlackElo "1327"]
[PlyCount "69"]
[EventDate "2011.??.??"]

1. d4 d5 2. Nc3 c5 3. e4 dxe4 4. d5 Nf6 5. Bg5 Bg4 6. Qd2 Nbd7 7. Qf4 g6 8. h3
Bh5 9. g4 Bg7 10. gxh5 Nxh5 11. Qd2 f5 12. d6 Nhf6 13. Bh6 Bxh6 14. Qxh6 exd6
15. O-O-O Qb6 16. Qf4 Ne5 17. Bb5+ Kf7 18. Qg5 a6 19. Qxf6+ Kxf6 20. Nd5+ Ke6
21. Nxb6 axb5 22. Nxa8 Rxa8 23. Kb1 d5 24. Ne2 d4 25. h4 Ng4 26. Rdf1 Rf8 27.
f3 Ne3 28. Rf2 Rd8 29. Ng3 exf3 30. Rxf3 c4 31. Nf1 Nxf1 32. Rhxf1 Kf7 33. Re1
Re8 34. Rxe8 Kxe8 35. Rf4 1-0

[Event "2. Solinger Karnevalsopen"]
[Site "Solingen"]
[Date "2011.03.05"]
[Round "2.14"]
[White "Lasschuit, Rene"]
[Black "Turco, Alfonso"]
[Result "1/2-1/2"]
[WhiteElo "1858"]
[BlackElo "2071"]
[PlyCount "28"]
[EventDate "2011.??.??"]

1. d4 b6 2. e3 Bb7 3. Nf3 e6 4. Bd3 Nf6 5. Nbd2 d6 6. O-O Be7 7. b3 Nbd7 8. Bb2
a6 9. c4 d5 10. Rc1 O-O 11. Ne5 Nb8 12. cxd5 exd5 13. Qf3 Ra7 14. Rc2 c5
1/2-1/2

[Event "2. Solinger Karnevalsopen"]
[Site "Solingen"]
[Date "2011.03.05"]
[Round "2.15"]
[White "Goldenstein, Arnd"]
[Black "Taeger, Torsten"]
[Result "1/2-1/2"]
[WhiteElo "2064"]
[BlackElo "2132"]
[PlyCount "44"]
[EventDate "2011.??.??"]

1. d4 g6 2. c4 Bg7 3. Nc3 d6 4. e4 Nc6 5. Be3 e5 6. d5 Nd4 7. g4 h5 8. g5 c5 9.
dxc6 bxc6 10. Qa4 Bd7 11. Bh3 Ne7 12. Bxd7+ Qxd7 13. h3 c5 14. Qxd7+ Kxd7 15.
O-O-O Rab8 16. Nge2 Nec6 17. Bxd4 cxd4 18. Nd5 Rhc8 19. b3 a5 20. Kc2 Rb7 21.
Nc1 a4 22. Nd3 Bf8 1/2-1/2

[Event "2. Solinger Karnevalsopen"]
[Site "Solingen"]
[Date "2011.03.05"]
[Round "2.16"]
[White "Probst, Andreas"]
[Black "Zimmermann, Ulrich"]
[Result "1-0"]
[WhiteElo "2046"]
[BlackElo "2047"]
[PlyCount "111"]
[EventDate "2011.??.??"]

1. d4 Nf6 2. c4 c6 3. Nf3 d5 4. Qc2 dxc4 5. Qxc4 Bg4 6. Nbd2 Nbd7 7. g3 e6 8.
Bg2 Bd6 9. O-O O-O 10. Qb3 Rb8 11. e4 e5 12. dxe5 Nxe5 13. Nxe5 Bxe5 14. Nc4
Be6 15. Qc2 Bd4 16. Bf4 Ra8 17. Rad1 b5 18. Ne5 Qb6 19. b3 Ng4 20. Nxg4 Bxg4
21. Rc1 Rac8 22. Bd6 Rfd8 23. e5 c5 24. Qe4 Bh5 25. Qb7 Qa5 26. Bh3 Ra8 27. Bc7
Qxa2 28. Bxd8 Rxd8 29. Qe7 Rf8 30. Bf5 Qxb3 31. Bxh7+ Kxh7 32. Qxf8 Be2 33. e6
Qxe6 34. Rfe1 Qh6 35. Qxf7 Bh5 36. Qd5 Bg6 37. Rcd1 Qh5 38. Rxd4 cxd4 39. Qxd4
a5 40. Re7 Bf7 41. Re5 Qh6 42. Qd3+ Bg6 43. Qxb5 Qc1+ 44. Kg2 Qc3 45. Qxa5 Be4+
46. Kh3 Qf3 47. Rh5+ Kg8 48. Qd8+ Kf7 49. Qd7+ Kf6 50. Qd6+ Kf7 51. Qf4+ Qxf4
52. gxf4 Kf6 53. Kg4 g6 54. Rb5 Bf5+ 55. Rxf5+ gxf5+ 56. Kh5 1-0

[Event "2. Solinger Karnevalsopen"]
[Site "Solingen"]
[Date "2011.03.05"]
[Round "2.17"]
[White "Runte, Dirk"]
[Black "Schroeder, Jan-Christian"]
[Result "0-1"]
[WhiteElo "1582"]
[BlackElo "2144"]
[PlyCount "92"]
[EventDate "2011.??.??"]

1. d4 d5 2. c4 e6 3. Nf3 Nf6 4. g3 Be7 5. Bg2 O-O 6. O-O dxc4 7. Nc3 Nbd7 8. e4
c5 9. e5 Nd5 10. dxc5 Nxc5 11. Qd4 Nb6 12. Qg4 Re8 13. Bh6 Bf8 14. Rfd1 Bd7 15.
h4 Kh8 16. Bg5 Qc7 17. Ne2 Nd3 18. Bf6 gxf6 19. exf6 Ne5 20. Qh5 Nxf3+ 21. Bxf3
Bc6 22. Nd4 Nd7 23. Qxf7 Bd5 24. Bxd5 exd5 25. Re1 Re4 26. Rxe4 dxe4 27. Ne6
Qd6 28. Ng5 Nxf6 29. Qxc4 Qd5 30. Qxd5 Nxd5 31. Nxe4 Re8 32. f3 Bg7 33. Rd1 Nb6
34. b3 Kg8 35. h5 Rc8 36. g4 Be5 37. Rd3 Rc2 38. a4 a5 39. h6 Kf7 40. f4 Bxf4
41. Rf3 Nd5 42. Nd6+ Kg6 43. Nxb7 Kg5 44. Rd3 Ne3 45. Rd7 Kxg4 46. Rxh7 Kf3 0-1

[Event "2. Solinger Karnevalsopen"]
[Site "Solingen"]
[Date "2011.03.05"]
[Round "2.18"]
[White "Hantak, Adam"]
[Black "Hollender, Christoph"]
[Result "1-0"]
[WhiteElo "2198"]
[BlackElo "1832"]
[PlyCount "87"]
[EventDate "2011.??.??"]

1. d4 Nf6 2. c4 g6 3. g3 Bg7 4. Bg2 O-O 5. Nc3 d6 6. Nf3 Nbd7 7. O-O c5 8. d5
Ng4 9. Qc2 Nge5 10. Nd2 a6 11. h3 f5 12. f4 Nf7 13. a4 Nf6 14. b3 Bd7 15. Bb2
Rb8 16. a5 Qc7 17. Kh2 Rbe8 18. Bf3 Qc8 19. Na4 Bxa4 20. Rxa4 Nh6 21. Raa1 Qc7
22. Bc3 Rb8 23. Rae1 Rf7 24. Bg2 Rbf8 25. e3 Qd8 26. Re2 Qd7 27. Rfe1 Qc7 28.
e4 Nxe4 29. Bxe4 fxe4 30. Nxe4 Bf6 31. Nxf6+ exf6 32. g4 Qd7 33. Re6 Qd8 34.
R1e2 Qc7 35. Qd2 b5 36. Qe1 bxc4 37. bxc4 Qb8 38. Qh4 Kg7 39. f5 Ng8 40. g5 Qb3
41. fxg6 hxg6 42. Qg3 Qxc4 43. gxf6+ Nxf6 44. Rg2 1-0

[Event "2. Solinger Karnevalsopen"]
[Site "Solingen"]
[Date "2011.03.05"]
[Round "2.19"]
[White "Wulfken, Christof"]
[Black "Mager, Denis"]
[Result "1-0"]
[WhiteElo "2046"]
[BlackElo "1732"]
[PlyCount "87"]
[EventDate "2011.??.??"]

1. d4 d5 2. Nf3 Nf6 3. c4 c6 4. cxd5 cxd5 5. Nc3 Nc6 6. Bg5 Bf5 7. Qb3 Qd7 8.
e3 e6 9. Ne5 Qc8 10. Bb5 Bd6 11. Rc1 O-O 12. O-O Ne4 13. Nxe4 Bxe5 14. dxe5
Bxe4 15. Be7 Re8 16. Bd6 Qd7 17. Qa4 Rec8 18. f3 Bg6 19. Rc3 a6 20. Bxc6 Rxc6
21. Rxc6 Qxc6 22. Qxc6 bxc6 23. Rc1 Rc8 24. Rc3 f6 25. exf6 gxf6 26. Kf2 e5 27.
Ra3 Ra8 28. Rb3 Rc8 29. Bc5 Bc2 30. Rc3 Bb1 31. Ra3 Ra8 32. Ke2 Rb8 33. b3 Ra8
34. Kd2 Kf7 35. Ra4 Ke6 36. g4 f5 37. h3 e4 38. f4 Bd3 39. Rb4 Bf1 40. Rb7 Bxh3
41. g5 Re8 42. Rxh7 Bg4 43. Rc7 Bh5 44. Rxc6+ 1-0

[Event "2. Solinger Karnevalsopen"]
[Site "Solingen"]
[Date "2011.03.05"]
[Round "2.21"]
[White "Duexmann, Marcel"]
[Black "Maczkowiak, Thomas"]
[Result "1-0"]
[WhiteElo "1658"]
[BlackElo "1932"]
[PlyCount "59"]
[EventDate "2011.??.??"]

1. d4 Nf6 2. c4 g6 3. Nf3 Bg7 4. e3 O-O 5. Bd3 d5 6. O-O c5 7. Nbd2 Nc6 8. Nb3
cxd4 9. Nbxd4 Nb4 10. Be2 dxc4 11. Qa4 Nbd5 12. Rd1 c3 13. Qa3 cxb2 14. Bxb2
Qb6 15. Rac1 Qb4 16. Qxb4 Nxb4 17. a3 Nbd5 18. Nb5 Be6 19. Bd4 b6 20. Be5 a6
21. Nbd4 Bg4 22. h3 Bxf3 23. Bxf3 e6 24. Nc6 Rfe8 25. e4 Ne7 26. Nxe7+ Rxe7 27.
Bxf6 Bxf6 28. e5 Bg5 29. Bxa8 Bxc1 30. Rxc1 1-0

[Event "2. Solinger Karnevalsopen"]
[Site "Solingen"]
[Date "2011.03.05"]
[Round "2.22"]
[White "Wolf, Wieland"]
[Black "Kuhn, Juergen"]
[Result "0-1"]
[WhiteElo "1400"]
[BlackElo "2059"]
[PlyCount "66"]
[EventDate "2011.??.??"]

1. e4 Nf6 2. Nc3 d5 3. exd5 Nxd5 4. Nf3 Bf5 5. Bc4 Nb6 6. Bb3 c5 7. a3 Nc6 8.
O-O e6 9. Re1 Be7 10. d3 O-O 11. Bf4 a6 12. Re3 Nd4 13. Nd2 Rc8 14. Ba2 c4 15.
Nde4 Nd5 16. Nxd5 exd5 17. Ng3 Bg6 18. c3 Ne6 19. Be5 Bxd3 20. Rxd3 cxd3 21.
Qxd3 Bf6 22. Bxf6 Qxf6 23. Bxd5 Rfd8 24. Qf3 Qxf3 25. Bxf3 b5 26. Bb7 Rb8 27.
Bf3 Rd2 28. b4 Ng5 29. Bg4 Re8 30. h4 Ne4 31. Nxe4 Rxe4 32. Rd1 Rxd1+ 33. Bxd1
Re1+ 0-1

[Event "2. Solinger Karnevalsopen"]
[Site "Solingen"]
[Date "2011.03.05"]
[Round "2.23"]
[White "Schmidt, Kai-Uwe"]
[Black "Tanz, Manfred"]
[Result "1-0"]
[WhiteElo "2055"]
[BlackElo "1646"]
[PlyCount "87"]
[EventDate "2011.??.??"]

1. d4 d5 2. c4 dxc4 3. Nf3 e6 4. e3 Nf6 5. Bxc4 a6 6. O-O b5 7. Bd3 Bb7 8. a4
bxa4 9. Bc2 Be7 10. Bxa4+ c6 11. Bc2 O-O 12. Qe2 h6 13. e4 Nbd7 14. e5 Nh7 15.
Qe4 f5 16. exf6 Ndxf6 17. Qxe6+ Kh8 18. Ne5 Qe8 19. Ng6+ Qxg6 20. Bxg6 Bb4 21.
Qb3 Nd5 22. Bd2 a5 23. Bxb4 axb4 24. Rxa8 Rxa8 25. Nd2 Nhf6 26. Ne4 Nxe4 27.
Bxe4 Re8 28. Bxd5 cxd5 29. Qxb4 Ba6 30. Re1 Rc8 31. h3 Bc4 32. Qb7 Rd8 33. Re7
Rg8 34. b3 Bd3 35. Qxd5 Bc2 36. Qf7 Bd1 37. Re8 Rxe8 38. Qxe8+ Kh7 39. d5 Bxb3
40. d6 Bd5 41. f3 g6 42. d7 Bc6 43. Qf7+ Kh8 44. d8=R+ 1-0